|
|
|
|
| LEADER |
00000nam a22000007a 4500 |
| 005 |
20190521210355.0 |
| 007 |
cr|||| |||| |
| 008 |
190521s2017 co |||||s|||| 00||0 spa d |
| 020 |
|
|
|a 978-958-774-527-6
|
| 035 |
|
|
|a 23312
|
| 040 |
|
|
|a vLex
|
| 090 |
|
|
|c 8786
|d 8786
|
| 100 |
1 |
|
|a Rueda Fonseca, Mara̕ del Socorro
|
| 245 |
1 |
0 |
|a Aproximacin̤ a la medida cautelar innominada en el contexto colombiano
|h [Recurso electrn̤ico] /
|c Mara̕ del Socorro Rueda Fonseca
|
| 256 |
|
|
|a Servicio en ln̕ea
|
| 260 |
|
|
|a Bogot:̀
|b Universidad de Los Andes (Colombia),
|c 2017
|
| 300 |
|
|
|a 1 recurso electrn̤ico
|
| 500 |
|
|
|a El sistema procesal colombiano est ̀en la bs︢queda de mayor efectividad de los procesos judiciales y proteccin̤ legt̕ima de los derechos de sus ciudadanos. Con la reciente modificacin̤ de las medidas cautelares cls̀icas que logr ̤la inclusin̤ del Cd̤igo General del Proceso se da un paso que aproxima la realidad sociojurd̕ica que debe atender el legislador. No obstante, todava̕ no se vislumbra un desprendimiento de las corrientes formalista y tradicional que caracterizan el ordenamiento, especialmente en el m̀bito procesal, para crear nuevos enfoques hacia un derecho ms̀ robusto, prc̀tico, dinm̀ico y flexible. Con este texto se pretende expresar y mostrar las diversas orientaciones con las que se han recibido dichas teora̕s en el campo de las medidas cautelares innominadas. La obra tiene un enfoque prc̀tico y se centra en los m̀bitos civil, comercial, policivo y contencioso administrativo, de manera que facilitar ̀al lector la comprensin̤ de las medidas cautelares desde su construccin̤ y solicitud en s ̕misma hasta el acto de enjuiciamiento que propicia el juzgador. Las normas que regulan las medidas cautelares innominadas tienen una aceptabilidad entre los jueces; sin embargo, se demostrar ̀que no hay una tendencia a decretar medidas cautelares innominadas de manera generalizada.
|
| 506 |
1 |
|
|a Disponible solo en los productos indicados
|d vLex Global
|d vLex Global (Academic Edition, excluding Law Schools)
|d vLex Global (U.S. Academic Edition, Law Schools)
|d vLex Global (U.S. Academic Edition, excluding Law Schools)
|d vLex Global (Academic Edition, Law Schools)
|
| 650 |
0 |
4 |
|a Derecho Procesal
|z Colombia
|
| 740 |
0 |
|
|a vLex Libros (Servicio en ln̕ea)
|
| 856 |
4 |
0 |
|u http://vlex.com/source/aproximacion-a-la-medida-cautelar-innominada-en-el-contexto-colombiano-23312
|z Acceso restringido
|
| 942 |
|
|
|c BOOK
|
| 999 |
0 |
|
|a Procedural law
|